000 00235nam a2200097Ia 4500
001 1203606
005 20250827022712.0
008 250824s9999 xx 000 0 und d
245 0 _aMOZART
_cMERİTXELL MARTİ
260 _bALTIN KİTAPLAR
999 _c1203606
_d1203606